00329nam a2200133Ia 4500008004100000041000800041082001400049100002000063245002300083250001400106260003600120300003000156365000900186240624s9999 xx 000 0 und d aeng a658.8 BIN aBINGHAM FRANK G aBUSINESS MARKETING a(3th ed.) c2005aBostonbMcGraw-Hill/Irwin axv, : 475 : p. : cm. ; 25 cb20